000 01877 am a2200493 a 4500
005 20120418115320.0
008 100518s1987||||ag a f |||| 00| 0 spa d
020 _a9509647039
041 _aspa
092 _c616.5
_l5
_sATL
245 _aAtlas de dermatología clínica /
_cAnthony du Vivier.
250 _a1a ed. en español /
_bTraducción Julio César Ramos ; Prólogo Richard B. Stoughton
260 _aBuenos Aires :
_bAnejo Producciones,
_c1987.
300 _a350 p.
_bil.
653 _aEstructura y función de la piel normal
653 _aEccema
653 _aPsoriasis
653 _aPitiriasis rosea, liquen plano y pitiriasis rubra pilaris
653 _aNevus
653 _atumores benignos de la piel
653 _aTumores malignos de la piel
653 _aMicosis fungoide y trastornos asociados
653 _aInfecciones bacterianas de la piel y sifilis
653 _aInfecciones cutáneas por virus
653 _aMicosis cutáneas
653 _aInfestaciones de la piel
653 _aInfecciones cutáneas tropicales
653 _aErupciones cutáneas por drogas y tóxicos
653 _aEnfermedades ampollosas de la piel
653 _aTrastornos cutaneos del desarrollo
653 _aPiel y enfermedades sistémicas
653 _aEnfermedades vasculares del colageno y vasculitis
653 _aTrastornos de la circulación
653 _aTrastornos de las glándulas sebaceas, sudoriparas y apocrinas
653 _aTrastornos de las uñas
653 _aTrastornos del pelo
653 _aTrastornos de la pigmentación
653 _aTrastornos cutáneos psicológicos
700 1 _aVivier, Anthony du.
_9169
700 1 _aMcKee, Phillip H.
_eConsultor
_91702
930 _a1753
942 _2ddc
_cBK
952 _aBFM
_bBFM
_70
_p1753
_cCR
_40
_00
_yBK
_10
_o616.5 5 ATL
_d2011-05-13
_tej.1
999 _c321
_d321